|
|
|
|
| LEADER |
00000nab a2200000 a 4500 |
| 001 |
vtls008937644 |
| 003 |
SK-MaSNL |
| 005 |
20260304135230.0 |
| 008 |
250505c2006 xo qr|p|||||||000 b|slo |
| 015 |
|
|
|a SNBRB2007/01
|2 snkbucl
|
| 035 |
|
|
|a (uuid)804bb64a-c9f6-4af3-b054-1ceae63c85dd
|
| 035 |
|
|
|a urn:nbn:sk:snk-abz7l
|
| 035 |
|
|
|a (urnnbn)urn:nbn:sk:snk:ar-a00rso
|
| 038 |
|
|
|a SNKBUCL
|
| 040 |
|
|
|a SNKBUCL
|b slo
|c SNKBUCL
|e AACR2
|
| 041 |
0 |
|
|a slo
|
| 044 |
|
|
|a xo
|c SK
|
| 080 |
|
|
|a 725.718.012.8
|x (437.6)
|2 2001
|
| 245 |
0 |
0 |
|a Bonjour
|c Igor Palčo ... [et al.]
|
| 610 |
2 |
7 |
|a Bonjour (stravovacie zariadenie : Bratislava, Slovensko)
|x interiér
|x architektúra
|2 snkbucl
|9 1454208
|
| 651 |
|
7 |
|a Bratislava (Slovensko)
|2 snkbucl
|
| 700 |
1 |
|
|a Palčo, Igor,
|d 1967-
|4 aut
|9 132902
|
| 700 |
1 |
|
|a Bartánus, Boris
|4 aut
|9 1454209
|
| 700 |
1 |
|
|a Doletinová, Naďa
|4 aut
|9 1454210
|
| 700 |
1 |
|
|a Kňava, Rastislav
|4 aut
|9 1075831
|
| 773 |
0 |
|
|t Projekt
|g Roč. XLVIII, č. 5 (2006), s. 44-49
|x 1335-2180
|
| 850 |
|
|
|a Slovenská národná knižnica
|
| 852 |
|
|
|a Slovenská národná knižnica
|
| 954 |
|
|
|a odborná, vedecká literatúra pôvodná (slovenská)
|2 lita
|
| 958 |
|
|
|a article27
|
| 958 |
|
|
|a SK
|
| 958 |
|
|
|a OND
|
| 958 |
|
|
|a EUIPO
|
| 999 |
|
|
|c 2909921
|d 2911851
|